| 000 | 00913cam a22002171 4500 | ||
|---|---|---|---|
| 001 | he 66000991 | ||
| 003 | DLC | ||
| 005 | 20260227111439.0 | ||
| 008 | 880615s1964 is 000 0 heb | ||
| 010 | _ahe 66000991 | ||
| 035 | _a(OCoLC)18092106 | ||
| 040 |
_aDLC _cTxU _dTxU _dDLC |
||
| 042 | _apremarc | ||
| 050 | 0 | 0 |
_aBM506.4.A17 _bK3 |
| 130 | 0 |
_aTalmud. _pMinor tractates. _pAbadim. |
|
| 245 | 1 | 0 |
_aBaraita masekhet ʻAvadim ... _bʻim masoret ha-Shas ve-hagahot ke-fi she-nidpas be-Shas Vilna ... ve-ʻalav shene beʼurim ... Kinyan ha-guf, mevaʼer gufa di-Baraita ... ve-kinyan perot yepalpel ... me-ʻinyan le-ʻinyan ... _cḥibarti Sh. Y. Ḥ. b. ha-G. R. Y. Y. [Kanevski] |
| 260 |
_aBene Berak _b[Ḥ. Kanevski, _c[1964] |
||
| 300 |
_a192 p. _c25 cm. |
||
| 630 | 0 | 0 |
_aTalmud. _pMinor tractates. _pAbadim _xCommentaries. |
| 700 | 1 |
_aḲanevsḳi, Sh. Y. Ḥ. ben Y. Y. _q(Shemaryahu Yosef Ḥayim ben Y. Y.) |
|
| 999 |
_c31775 _d31775 |
||